[Event "RA-2017-0-00552"]
[White "Sobko, Roman"]
[Black "Morcin, Tom"]
[Site "LSS email"]
[Round "?"]
[Result "0-1"]
[Date "2017.11.20"]
[WhiteElo "2139"]
[BlackElo "2222"]
[PlyCount "36"]
[EventDate "2017.11.01"]
[EventType "tourn (corr)"]
[EventRounds "6"]
[EventCountry "GER"]
[SourceTitle "Corr 2022"]
[Source "ChessBase"]
[SourceDate "2021.10.24"]
[SourceVersion "1"]
[SourceVersionDate "2021.10.24"]
[SourceQuality "1"]

1. e4 e5 2. Nf3 Nc6 3. d4 exd4 4. Nxd4 Nf6 5. Nc3 Bb4 6. Nxc6 bxc6 7. Qd4 Qe7 8. Bd3 Bc5 9. Qc4 Ng4 10. Be2 Bxf2+ 11. Kf1 Ne5 12. Qb3 Bb6 13. Na4 Qf6+ 14. Bf3 Ba6+ 15. Ke1 Bd4 16. Bd2 Bc4 17. Qb7 Nxf3+ 18. gxf3 Qxf3 0-1